000 00342nam a2200145Ia 4500
008 230711s9999||||xx |||||||||||||| ||und||
041 _aENG
082 _a5
_bBU-M
100 _aBurton,Paul F.
245 0 _aM.S dos software
250 _a3rd Ed.
260 _c1990
_aNew Delhi
_bGower Publishing
650 _aComputer Engineering
942 _cBK
999 _c650
_d650